00702nam a2200205Ia 4500003000900000008004100009020002200050040001600072080001900088245013100107260004600238300001600284490005100300650002600351650002700377650002600404700002300430700002100453700002200474IN-BaIIA211028s9999 xx 000 0 eng d a978-0-8165-2654-3 cIIA Library a524.3-5bPRO-V 0aProtostars and planets Vcedited by Bo Reipurth, David Jewitt and Klaus Keil  aTucsonbUniversity of Arizona Pressc2007 axxiv, 951p. aThe University of Arizona space science series aMeteorites-Congresses aPlanetology-Congresses aProtostars-Congresses aJewitt, David, ed. aKeil, Klaus, ed. aReipurth, Bo, ed.